ILLIT - Chansons de l'album Mamihlapinatapai - Statistiques

Statistiques générales
  • Ce quiz a été pris 9 fois
  • Le résultat moyen est 4 sur 5
Statistiques - réponses
Hint Réponse % Correct
Mamihlapinatapai 2 It's Me
86%
Mamihlapinatapai 4 Mamihlapinatapai
86%
Mamihlapinatapai 3 Paw, Paw!
71%
Mamihlapinatapai 1 GRWM (Get Ready With Me)
57%
Mamihlapinatapai 5 Love, Older You
57%
Aucun quiz correspondant
Distribution des résultats
% des personnes avec chaque résultat
Percentile par nombre de réponses
Votre historique - résultats
Vous n’avez pas pris ce quiz